Loading...

Unfinished revolution : a political biography of Jayaprakash Narayan /

Bibliographic Details
Main Author: Ajit Bhattacharjea
Format: Printed Book
Published: New Delhi : Rupa & Co., , 2004.
Subjects:
LEADER 00481cam a2200145ua 4500
999 |c 39615  |d 39615 
020 |a 81-291-0439-3 
082 1 4 |a 923.2  |b AJI-U 
100 1 |a Ajit Bhattacharjea. 
245 1 0 |a Unfinished revolution :   |b a political biography of Jayaprakash Narayan / 
260 |a New Delhi :   |b Rupa & Co., ,   |c 2004. 
300 |a 467p.;  
650 0 |a Biography 
942 |c BK 
952 |0 0  |1 0  |4 0  |6 923_200000000000000_AJIU  |7 0  |9 50762  |a KU  |b KU  |d 2015-07-05  |l 0  |o 923.2 AJI-U  |p EN14610  |r 2015-07-05  |y BK